000 00780nam a22002655i 4500
001 11889
003 ES-MaACL
005 20250827063202.0
007 t|
008 950626s1995 sp ||||0| spa j
020 _a84-239-7806-0
040 _aM-BN
_bspa
_cM-BN
080 _a860-14"19"
100 1 _aCampmany, Jaime,
_d1925-2005
_934187
245 1 0 _aSegundo libro de romances /
_cJaime Campmany ; prólogo de Antonio Herrero.
250 _a2ª ed.
260 _aMadrid :
_bEspasa-Calpe,
_cD.L. 1995.
300 _a252 p., [8] p. de lám ;
_c21 cm.
490 1 _aTextos escogidos
500 _aIndice.
700 1 _aHerrero, Antonio.
_963257
830 0 _aTextos escogidos
_9179623
852 _aES-MaACL
_jL-19178
_bR.125167
999 _c11889
_d11889